[Event "Varennes int."]
[Site "Varennes CAN"]
[Date "2017.10.08"]
[Round "4.14"]
[White "Cazelais, Marc"]
[Black "Zheng, Richard"]
[Result "1/2-1/2"]
[WhiteElo "2174"]
[BlackElo "1895"]
[WhiteFideId "-1"]
[WhiteFideId "-1"]
[PlyCount "94"]
[GameId "2160767908330168"]
[EventDate "2017.10.06"]
[EventType "swiss"]
[EventRounds "5"]
[EventCountry "CAN"]
[SourceTitle "hb 2017"]

1. e4 e5 2. Nf3 Nc6 3. d4 exd4 4. Nxd4 Nf6 5. Nc3 Bb4 6. Nxc6 bxc6 7. Bd3 O-O 8. O-O d6 9. Bg5 h6 10. Bh4 Bxc3 11. bxc3 Qe7 12. f4 Qe6 13. Qf3 Bb7 14. e5 Nd7 15. Rae1 Nc5 16. exd6 Qd7 17. dxc7 Qxc7 18. Re7 Qc8 19. f5 Nxd3 20. cxd3 Ba6 21. f6 g6 22. Qe3 Kh7 23. Be1 Qg4 24. Rf3 g5 25. Bd2 Bc8 26. c4 a6 27. Bb4 Rb8 28. Re4 Qxf3 29. Qxf3 Rxb4 30. Re7 Kg6 31. Qxc6 Bf5 32. Qd6 Rb1+ 33. Kf2 h5 34. c5 Rd1 35. Re3 Rc8 36. d4 Rc1 37. Qxa6 Rd8 38. Qa4 Rb8 39. Re2 Rc3 40. Rd2 Rc8 41. Qb4 Rc1 42. a4 Re8 43. d5 Re4 44. Qxe4 Bxe4 45. d6 Bc6 46. d7 Bxd7 47. Rxd7 Rxc5 1/2-1/2

[Event "Varennes int."]
[Site "Varennes CAN"]
[Date "2017.10.08"]
[Round "4.16"]
[White "Martin, Steve"]
[Black "Tomb, Maroun"]
[Result "0-1"]
[WhiteElo "1867"]
[BlackElo "2155"]
[WhiteFideId "-1"]
[WhiteFideId "-1"]
[PlyCount "54"]
[GameId "2160767908330170"]
[EventDate "2017.10.06"]
[EventType "swiss"]
[EventRounds "5"]
[EventCountry "CAN"]
[SourceTitle "hb 2017"]

1. e4 d6 2. d4 Nf6 3. Nc3 e5 4. Nf3 Nbd7 5. Bc4 Be7 6. Bxf7+ Kxf7 7. Ng5+ Kg8 8. Ne6 Qe8 9. Nxc7 Qg6 10. O-O Rb8 11. f4 exd4 12. Qxd4 d5 13. Ne6 Nxe4 14. Qxd5 Nb6 15. Qxe4 Qxe4 16. Nxe4 Bxe6 17. Be3 Bf5 18. Ng3 Bxc2 19. Rac1 Ba4 20. Nf5 Bf6 21. b3 Bc6 22. g4 Re8 23. Kf2 Nd5 24. Rfe1 Nxe3 25. Nxe3 Bd4 26. Rc4 Bb6 27. a4 a6 0-1

[Event "Varennes int."]
[Site "Varennes CAN"]
[Date "2017.10.08"]
[Round "4.17"]
[White "Bannon, Eric"]
[Black "Tanaka, Tyler"]
[Result "1/2-1/2"]
[WhiteElo "2154"]
[BlackElo "1990"]
[WhiteFideId "-1"]
[WhiteFideId "-1"]
[PlyCount "50"]
[GameId "2160767908330171"]
[EventDate "2017.10.06"]
[EventType "swiss"]
[EventRounds "5"]
[EventCountry "CAN"]
[SourceTitle "hb 2017"]

1. d4 Nf6 2. Nc3 g6 3. e4 d6 4. f3 Bg7 5. Be3 Nbd7 6. Qd2 c5 7. O-O-O cxd4 8. Bxd4 Qa5 9. g4 Rb8 10. g5 Nh5 11. Bxg7 Nxg7 12. f4 Nc5 13. Bb5+ Bd7 14. Bxd7+ Nxd7 15. e5 Nf5 16. Nge2 Nc5 17. Ng3 Nxg3 18. hxg3 dxe5 19. Kb1 Rd8 20. Qe3 Rxd1+ 21. Rxd1 Ne6 22. Rd5 Qa6 23. Qxe5 O-O 24. a3 Rc8 25. Rd1 Qc4 1/2-1/2

[Event "Varennes int."]
[Site "Varennes CAN"]
[Date "2017.10.08"]
[Round "4.18"]
[White "Zhong, Kevin"]
[Black "Ouellet, Maili-Jade"]
[Result "1-0"]
[WhiteElo "1822"]
[BlackElo "2084"]
[WhiteFideId "-1"]
[WhiteFideId "-1"]
[PlyCount "43"]
[GameId "2160767908330172"]
[EventDate "2017.10.06"]
[EventType "swiss"]
[EventRounds "5"]
[EventCountry "CAN"]
[SourceTitle "hb 2017"]

1. e4 c5 2. Ne2 e6 3. d4 cxd4 4. Nxd4 a6 5. Nc3 b5 6. Be2 Bb7 7. Bf3 Qc7 8. O-O d6 9. a4 b4 10. Na2 Nf6 11. Re1 e5 12. Nf5 g6 13. Ne3 a5 14. c3 Na6 15. cxb4 axb4 16. Bd2 Nxe4 17. Bxe4 Bxe4 18. Nxb4 Bb7 19. Ned5 Qd8 20. Nxa6 Rxa6 21. Qe2 Bg7 22. Qb5+ 1-0

[Event "Varennes int."]
[Site "Varennes CAN"]
[Date "2017.10.08"]
[Round "4.19"]
[White "Libersan, Thierry"]
[Black "Langlois-Remillard, Alexis"]
[Result "1-0"]
[WhiteElo "2086"]
[BlackElo "1891"]
[WhiteFideId "-1"]
[WhiteFideId "-1"]
[PlyCount "53"]
[GameId "2160767908330173"]
[EventDate "2017.10.06"]
[EventType "swiss"]
[EventRounds "5"]
[EventCountry "CAN"]
[SourceTitle "hb 2017"]

1. d4 e6 2. Bf4 Nf6 3. e3 d5 4. Nd2 Bd6 5. Bg3 c5 6. c3 Nc6 7. Ngf3 O-O 8. Bd3 Re8 9. Ne5 Bxe5 10. dxe5 Nd7 11. f4 Qb6 12. Qb1 Nf8 13. Bf2 a5 14. Nf3 a4 15. Ng5 h6 16. Bh7+ Nxh7 17. Qxh7+ Kf8 18. Nf3 Qxb2 19. O-O Ne7 20. Qh8+ Ng8 21. Rfc1 a3 22. Bh4 b5 23. Bf6 gxf6 24. exf6 Rd8 25. Ne5 Ra7 26. Qg7+ Ke8 27. Qxg8# 1-0

[Event "Varennes int."]
[Site "Varennes CAN"]
[Date "2017.10.08"]
[Round "4.20"]
[White "Bassel, Charaf"]
[Black "Saine, Zachary"]
[Result "0-1"]
[WhiteElo "2083"]
[BlackElo "1812"]
[WhiteFideId "-1"]
[WhiteFideId "-1"]
[PlyCount "68"]
[GameId "2160767908330174"]
[EventDate "2017.10.06"]
[EventType "swiss"]
[EventRounds "5"]
[EventCountry "CAN"]
[SourceTitle "hb 2017"]

1. Nf3 d5 2. g3 Nf6 3. Bg2 e6 4. O-O Be7 5. d3 O-O 6. Nbd2 Nbd7 7. e4 b6 8. e5 Ne8 9. Re1 c5 10. d4 Qc7 11. c3 cxd4 12. cxd4 Ba6 13. Re3 Qb7 14. b3 Rc8 15. Bb2 b5 16. a3 b4 17. a4 g6 18. g4 Ng7 19. Ne1 Bg5 20. Rg3 Rc7 21. Nf1 Rfc8 22. Ne3 Qc6 23. Bf1 Bxf1 24. Kxf1 Qb6 25. N3g2 Be7 26. f4 f5 27. exf6 Nxf6 28. Ne3 Ne4 29. Rf3 Qd6 30. Nd3 g5 31. Kg1 gxf4 32. Nxf4 Rf8 33. Rc1 Rxf4 34. Rh3 Nf2 0-1

[Event "Varennes int."]
[Site "Varennes CAN"]
[Date "2017.10.08"]
[Round "4.21"]
[White "Robichaud, Louis"]
[Black "Aubut, Jean-Philippe"]
[Result "1-0"]
[WhiteElo "2056"]
[BlackElo "1046"]
[WhiteFideId "-1"]
[WhiteFideId "-1"]
[PlyCount "45"]
[GameId "2160767908330175"]
[EventDate "2017.10.06"]
[EventType "swiss"]
[EventRounds "5"]
[EventCountry "CAN"]
[SourceTitle "hb 2017"]

1. e4 c5 2. d3 Nc6 3. g3 g6 4. f4 d6 5. Bg2 Bg7 6. Nf3 e5 7. Nc3 Nf6 8. O-O Bg4 9. h3 Bxf3 10. Qxf3 Nd4 11. Qf2 O-O 12. g4 Nd7 13. f5 Rb8 14. Nd5 Nf6 15. Bg5 h6 16. Nxf6+ Bxf6 17. Bxh6 Re8 18. fxg6 fxg6 19. c3 Ne6 20. Qxf6 Qb6 21. Qxg6+ Kh8 22. Rf7 c4+ 23. Kh1 1-0

[Event "Varennes int."]
[Site "Varennes CAN"]
[Date "2017.10.08"]
[Round "4.22"]
[White "Roy, Myriam"]
[Black "Dukic, Zachary"]
[Result "0-1"]
[WhiteElo "1977"]
[BlackElo "2020"]
[WhiteFideId "-1"]
[WhiteFideId "-1"]
[PlyCount "38"]
[GameId "2160767908330176"]
[EventDate "2017.10.06"]
[EventType "swiss"]
[EventRounds "5"]
[EventCountry "CAN"]
[SourceTitle "hb 2017"]

1. e4 e5 2. Nf3 Nc6 3. d4 exd4 4. Nxd4 Bb4+ 5. c3 Bc5 6. Be3 Bb6 7. Bc4 Ne5 8. Be2 Nf6 9. Nd2 d5 10. Qc2 O-O 11. O-O c5 12. N4f3 Nxf3+ 13. Bxf3 d4 14. cxd4 cxd4 15. Bg5 h6 16. Bh4 g5 17. Bg3 d3 18. Qc3 Bd4 19. Qxd3 Bxf2+ 0-1

[Event "Varennes int."]
[Site "Varennes CAN"]
[Date "2017.10.08"]
[Round "4.23"]
[White "Johnson-Constantin, Mathieu"]
[Black "Drolet, Stephane"]
[Result "1-0"]
[WhiteElo "1829"]
[BlackElo "2076"]
[WhiteFideId "-1"]
[WhiteFideId "-1"]
[PlyCount "78"]
[GameId "2160767908330177"]
[EventDate "2017.10.06"]
[EventType "swiss"]
[EventRounds "5"]
[EventCountry "CAN"]
[SourceTitle "hb 2017"]

1. e4 e5 2. Nf3 d5 3. exd5 Bd6 4. Bb5+ Bd7 5. Qe2 Qe7 6. Nc3 Nf6 7. Bxd7+ Nbxd7 8. d3 h6 9. O-O O-O 10. Re1 Rfe8 11. Be3 Bb4 12. Bd2 Bxc3 13. bxc3 Nxd5 14. c4 N5b6 15. Rab1 Qd6 16. Nh4 Re6 17. Nf5 Qf8 18. Bb4 c5 19. Bc3 g6 20. Ng3 Qd8 21. Qf3 Rb8 22. Re2 Qc7 23. Bd2 h5 24. Ne4 Rbe8 25. h3 f6 26. Qg3 Nf8 27. Ba5 Kf7 28. Qf3 Kg7 29. Rb5 Rc6 30. g4 hxg4 31. hxg4 Nfd7 32. Kg2 Rh8 33. Re1 Qc8 34. Bc3 Na8 35. g5 f5 36. Nf6 Nxf6 37. Bxe5 Rh5 38. gxf6+ Kf8 39. Qd5 Qe6 1-0

[Event "Varennes int."]
[Site "Varennes CAN"]
[Date "2017.10.08"]
[Round "4.24"]
[White "Cui, Leonardo"]
[Black "Turcotte, Jonathan"]
[Result "1/2-1/2"]
[WhiteElo "1557"]
[BlackElo "1980"]
[WhiteFideId "-1"]
[WhiteFideId "-1"]
[PlyCount "78"]
[GameId "2160767908330178"]
[EventDate "2017.10.06"]
[EventType "swiss"]
[EventRounds "5"]
[EventCountry "CAN"]
[SourceTitle "hb 2017"]

1. d4 d5 2. c4 c6 3. g3 Nf6 4. Bg2 Bf5 5. Nf3 e6 6. O-O h6 7. Nfd2 Be7 8. Nc3 O-O 9. Re1 Nbd7 10. a3 a5 11. e4 dxe4 12. Ndxe4 Nxe4 13. Nxe4 Nf6 14. Bf4 Nxe4 15. Bxe4 Bxe4 16. Rxe4 Bf6 17. Qh5 Kh7 18. Rd1 a4 19. d5 cxd5 20. cxd5 Ra5 21. Rb4 Rxd5 22. Rxd5 Qxd5 23. Qxd5 exd5 24. Rxb7 Kg6 25. b3 Ra8 26. Rb4 axb3 27. Rxb3 Be7 28. Bc1 Rc8 29. Bb2 Rc2 30. Bd4 Rc4 31. Bb2 Bc5 32. Bc3 d4 33. Bb4 Bxb4 34. Rxb4 Rc1+ 35. Kg2 d3 36. Rd4 Rc3 37. a4 Kf5 38. Kf3 Ke5 39. Rd8 Ra3 1/2-1/2

[Event "Varennes int."]
[Site "Varennes CAN"]
[Date "2017.10.08"]
[Round "4.25"]
[White "Blanchette, Rene"]
[Black "Marin, Sam"]
[Result "1/2-1/2"]
[WhiteElo "1758"]
[BlackElo "1947"]
[WhiteFideId "-1"]
[WhiteFideId "-1"]
[PlyCount "118"]
[GameId "2160767908330179"]
[EventDate "2017.10.06"]
[EventType "swiss"]
[EventRounds "5"]
[EventCountry "CAN"]
[SourceTitle "hb 2017"]

1. Nf3 d5 2. b3 c5 3. e3 Nc6 4. Bb2 Nf6 5. Be2 Bg4 6. d3 e6 7. Nbd2 b5 8. c4 bxc4 9. dxc4 Be7 10. O-O O-O 11. Ne5 Nxe5 12. Bxe5 Bf5 13. Bf3 Rc8 14. Re1 Qb6 15. e4 dxe4 16. Nxe4 Rfd8 17. Qe2 Nd7 18. Bc3 Nb8 19. Qb2 Bf8 20. Ng3 Bd3 21. Rad1 Bg6 22. h4 h6 23. h5 Bh7 24. Be4 Bxe4 25. Nxe4 Nc6 26. Qe2 Nd4 27. Bxd4 cxd4 28. Rd3 e5 29. Qg4 Re8 30. Rf3 Qe6 31. Qf5 Rc6 32. Rd1 a5 33. a4 Qxf5 34. Rxf5 Rb6 35. Rd3 f6 36. g4 Reb8 37. Rff3 Kf7 38. g5 hxg5 39. Nxg5+ Ke7 40. Ne4 Ke6 41. h6 gxh6 42. Rxf6+ Ke7 43. Rf5 Rg6+ 44. Kf1 Ke6 45. Rdf3 Be7 46. Rh5 Bg5 47. Ke2 Ke7 48. Rf5 Bf4 49. Nc5 Rc6 50. Nd3 Rxb3 51. Nxe5 Bxe5 52. Rxe5+ Kf7 53. Rxa5 Rxc4 54. Rxh6 Rc2+ 55. Kf1 Rf3 56. Ra7+ Kg8 57. Rd6 Rfxf2+ 58. Kg1 Rg2+ 59. Kh1 Rh2+ 1/2-1/2

[Event "Varennes int."]
[Site "Varennes CAN"]
[Date "2017.10.08"]
[Round "4.26"]
[White "Palsson, Halldor"]
[Black "Mahdjoubi, Abdelaziz"]
[Result "0-1"]
[WhiteElo "1912"]
[BlackElo "1775"]
[WhiteFideId "-1"]
[WhiteFideId "-1"]
[PlyCount "68"]
[GameId "2160767908330180"]
[EventDate "2017.10.06"]
[EventType "swiss"]
[EventRounds "5"]
[EventCountry "CAN"]
[SourceTitle "hb 2017"]

1. d4 Nf6 2. Nf3 g6 3. c4 d6 4. Nc3 Bg7 5. g3 O-O 6. Bg2 Bg4 7. O-O Qc8 8. Re1 Bh3 9. Bh1 c6 10. Bg5 Re8 11. Rc1 Qe6 12. d5 Qd7 13. e4 Qc7 14. Bf4 Qb6 15. Qd2 Nbd7 16. Bh6 Bh8 17. Ng5 Bg4 18. h3 Ne5 19. hxg4 Nfxg4 20. Nh3 Nxc4 21. Qf4 Nxh6 22. Qxh6 Bg7 23. Qf4 Qxb2 24. Qf3 Ne5 25. Qe2 Qa3 26. Rc2 c5 27. Rb1 Rab8 28. Rb3 Qa5 29. Ng5 h6 30. Nf3 Nxf3+ 31. Bxf3 a6 32. a4 Bxc3 33. Rcxc3 Qxa4 34. Rb6 Qa1+ 0-1

[Event "Varennes int."]
[Site "Varennes CAN"]
[Date "2017.10.08"]
[Round "5"]
[White "Gordon, David"]
[Black "Lenderman, Aleksandr"]
[Result "0-1"]
[WhiteElo "2199"]
[BlackElo "2591"]
[WhiteFideId "-1"]
[WhiteFideId "-1"]
[PlyCount "68"]
[GameId "2160767908330181"]
[EventDate "2017.10.06"]
[EventType "swiss"]
[EventRounds "5"]
[EventCountry "CAN"]
[SourceTitle "CBM 181 Extra"]
[Source "ChessBase"]
[SourceDate "2017.12.12"]
[SourceVersion "1"]
[SourceVersionDate "2017.12.12"]
[SourceQuality "1"]

1. d4 Nf6 2. Bg5 d5 3. Bxf6 exf6 4. e3 Bd6 5. g3 O-O 6. Bg2 c6 7. Nd2 f5 8. Ne2 Nd7 9. O-O Nf6 10. c4 dxc4 11. Nxc4 Bc7 12. b4 h5 13. h4 Be6 14. Nb2 Ng4 15. Qc1 a5 16. bxa5 Rxa5 17. a4 g5 18. hxg5 Qxg5 19. e4 fxe4 20. Qxg5+ Rxg5 21. Bxe4 h4 22. f4 Rg7 23. f5 Bd7 24. f6 Rg5 25. gxh4 Rh5 26. Bf3 Rxh4 27. Bxg4 Bxg4 28. Nf4 Rd8 29. Nbd3 Rxd4 30. Rae1 Bf5 31. Re8+ Kh7 32. Re7 Bxf4 33. Rxf7+ Kg6 34. Rg7+ Kxf6 0-1

[Event "Varennes int."]
[Site "Varennes CAN"]
[Date "2017.10.08"]
[Round "5.2"]
[White "Sambuev, Bator"]
[Black "Ruiz Sanchez, Orlen"]
[Result "1-0"]
[WhiteElo "2535"]
[BlackElo "2409"]
[WhiteFideId "-1"]
[WhiteFideId "-1"]
[PlyCount "61"]
[GameId "2160767908330185"]
[EventDate "2017.10.06"]
[EventType "swiss"]
[EventRounds "5"]
[EventCountry "CAN"]

1. Nf3 c5 2. c4 Nc6 3. Nc3 Nd4 4. e3 Nxf3+ 5. Qxf3 g6 6. g4 h5 7. g5 Bg7 8. b3 Rb8 9. Bb2 d6 10. Qe2 Bd7 11. Bg2 h4 12. f4 a6 13. O-O Qc8 14. d3 Bg4 15. Bf3 Bxf3 16. Rxf3 f5 17. Nd5 Bxb2 18. Qxb2 Rh7 19. e4 fxe4 20. dxe4 Rf7 21. Qh8 Qg4+ 22. Kf2 Kd7 23. h3 Qe6 24. Re1 Rbf8 25. Qc3 Kc8 26. e5 Kb8 27. exd6 Qxd6 28. Qe5 Rd8 29. Rfe3 Rd7 30. Qxd6+ Rxd6 31. Re6 1-0

[Event "Varennes int."]
[Site "Varennes CAN"]
[Date "2017.10.08"]
[Round "5.3"]
[White "Alvarez Pedraza, Aramis"]
[Black "Ortiz Suarez, Isan Reynaldo"]
[Result "1/2-1/2"]
[WhiteElo "2489"]
[BlackElo "2528"]
[WhiteFideId "-1"]
[WhiteFideId "-1"]
[PlyCount "84"]
[GameId "2160767908330186"]
[EventDate "2017.10.06"]
[EventType "swiss"]
[EventRounds "5"]
[EventCountry "CAN"]

1. d4 f5 2. Nf3 Nf6 3. g3 g6 4. Bg2 Bg7 5. O-O O-O 6. b3 d6 7. Bb2 c6 8. Nbd2 a5 9. a4 Na6 10. Re1 Nb4 11. c3 Nbd5 12. e3 Qc7 13. Qc2 Bd7 14. Ba3 Kh8 15. Rac1 Rae8 16. Qb1 Qb8 17. Ng5 h6 18. Nh3 g5 19. f4 g4 20. Nf2 b5 21. axb5 cxb5 22. c4 Nb4 23. Bxb4 axb4 24. Nd3 e5 25. fxe5 dxe5 26. Nxe5 Rxe5 27. dxe5 Qxe5 28. Qd3 bxc4 29. Nxc4 Qe7 30. Nd6 Ne8 31. Nxe8 Bxe8 32. Rc8 Bg6 33. Rxf8+ Qxf8 34. Rc1 Qe7 35. Rc8+ Kh7 36. Rc6 h5 37. Rb6 Qc5 38. Rc6 Qe7 39. Kf2 Qa7 40. Bd5 Qa1 41. Qc2 Bc3 42. Kg2 Qe1 1/2-1/2

[Event "Varennes int."]
[Site "Varennes CAN"]
[Date "2017.10.08"]
[Round "5.6"]
[White "Chabot, Roland"]
[Black "Perez Rodriguez, Luis Manuel"]
[Result "0-1"]
[WhiteElo "2153"]
[BlackElo "2368"]
[WhiteFideId "-1"]
[WhiteFideId "-1"]
[PlyCount "145"]
[GameId "2160767908330188"]
[EventDate "2017.10.06"]
[EventType "swiss"]
[EventRounds "5"]
[EventCountry "CAN"]

1. d4 d5 2. c4 c6 3. cxd5 cxd5 4. Bf4 Nc6 5. e3 Nf6 6. Nc3 a6 7. Be2 e6 8. Bd3 Be7 9. h3 O-O 10. Nf3 Bd6 11. Bxd6 Qxd6 12. O-O Bd7 13. a3 Rac8 14. Na4 Rc7 15. b4 Rfc8 16. Nc5 g6 17. Qd2 e5 18. dxe5 Nxe5 19. Nxe5 Qxe5 20. f4 Qe7 21. Nxd7 Qxd7 22. f5 Qe7 23. Qf2 Rc6 24. Rad1 Re8 25. Rfe1 Qe5 26. b5 Rc3 27. bxa6 bxa6 28. fxg6 hxg6 29. a4 Re6 30. Qh4 Kg7 31. a5 Ra3 32. Qb4 Ra2 33. Bb1 Rb2 34. Qd4 Qxd4 35. Rxd4 Rc6 36. Rf1 Rb3 37. Ba2 Rxe3 38. Bxd5 Rd6 39. Rfd1 Re5 40. Bb3 Rxd4 41. Rxd4 Rxa5 42. Ra4 Rxa4 43. Bxa4 Ne4 44. Bc6 Nc5 45. Kf2 Kf6 46. Ke3 Ke5 47. Be8 Ke6 48. Bc6 f6 49. Kd4 Kd6 50. Bf3 Ne6+ 51. Kc4 Ke5 52. Bb7 a5 53. Kb5 Kf4 54. Kxa5 Kg3 55. Kb4 Nf4 56. Kc5 Nxg2 57. Kd6 f5 58. Ke5 Nh4 59. Kf6 Kxh3 60. Kg5 Kg3 61. Bd5 f4 62. Bb7 f3 63. Bxf3 Kxf3 64. Kxh4 Kf4 65. Kh3 g5 66. Kh2 Kf3 67. Kh3 g4+ 68. Kh2 Kf2 69. Kh1 Kg3 70. Kg1 Kh3 71. Kh1 g3 72. Kg1 g2 73. Kf2 0-1

[Event "Varennes int."]
[Site "Varennes CAN"]
[Date "2017.10.08"]
[Round "5.9"]
[White "Tomb, Maroun"]
[Black "Hua, Eugene"]
[Result "1/2-1/2"]
[WhiteElo "2155"]
[BlackElo "2220"]
[WhiteFideId "-1"]
[WhiteFideId "-1"]
[PlyCount "74"]
[GameId "2160767908330189"]
[EventDate "2017.10.06"]
[EventType "swiss"]
[EventRounds "5"]
[EventCountry "CAN"]

1. e4 c5 2. Ne2 Nc6 3. Nbc3 e6 4. d4 cxd4 5. Nxd4 Qc7 6. g3 a6 7. Bg2 d6 8. O-O Bd7 9. Nce2 Nf6 10. b3 Be7 11. c4 O-O 12. Bb2 Rac8 13. Rc1 Qb8 14. a4 Rfd8 15. Qd2 Nxd4 16. Nxd4 e5 17. Nf5 Bxf5 18. exf5 b5 19. cxb5 axb5 20. Rxc8 Rxc8 21. a5 d5 22. Ra1 Bc5 23. b4 Ba7 24. Qe2 e4 25. Rd1 Rd8 26. Bxf6 gxf6 27. Bf1 Qe5 28. Qg4+ Kh8 29. Bxb5 d4 30. Bc6 e3 31. fxe3 Qxe3+ 32. Kg2 Qc3 33. b5 Qxa5 34. Qe4 Qc7 35. Kf3 Qd6 36. Rd3 Bb6 37. Kg2 Qc5 1/2-1/2

[Event "Varennes int."]
[Site "Varennes CAN"]
[Date "2017.10.08"]
[Round "5.11"]
[White "Vera Gonzalez Quevedo, Reynaldo"]
[Black "Zhong, Kevin"]
[Result "1/2-1/2"]
[WhiteElo "2446"]
[BlackElo "1822"]
[WhiteFideId "-1"]
[WhiteFideId "-1"]
[PlyCount "41"]
[GameId "2160767908330191"]
[EventDate "2017.10.06"]
[EventType "swiss"]
[EventRounds "5"]
[EventCountry "CAN"]
[SourceTitle "hb 2017"]

1. d4 d5 2. c4 e6 3. Nf3 c5 4. cxd5 exd5 5. g3 Nc6 6. Bg2 Nf6 7. O-O Be7 8. Nc3 O-O 9. Bg5 c4 10. Ne5 Be6 11. f4 Ng4 12. Bxe7 Nxe7 13. Qd2 Nxe5 14. fxe5 Qa5 15. Rad1 Kh8 16. e4 Rad8 17. Nxd5 Qxd2 18. Rxd2 Nxd5 19. exd5 Bxd5 20. Rc1 b5 21. Bxd5 1/2-1/2

[Event "Varennes int."]
[Site "Varennes CAN"]
[Date "2017.10.08"]
[Round "5.13"]
[White "Morella Cabrera, Julio Antonio"]
[Black "Lin, Benjamin"]
[Result "1-0"]
[WhiteElo "2248"]
[BlackElo "1862"]
[WhiteFideId "-1"]
[WhiteFideId "-1"]
[PlyCount "105"]
[GameId "2160767908330193"]
[EventDate "2017.10.06"]
[EventType "swiss"]
[EventRounds "5"]
[EventCountry "CAN"]
[SourceTitle "hb 2017"]

1. e4 c5 2. Nc3 e6 3. g3 Nc6 4. Bg2 a6 5. Nge2 Nf6 6. O-O Be7 7. d4 cxd4 8. Nxd4 Qc7 9. a4 O-O 10. Nb3 d6 11. a5 Ne5 12. Qe2 Bd7 13. f4 Nc4 14. g4 b5 15. g5 Ne8 16. f5 g6 17. f6 Bd8 18. Nd1 Rc8 19. c3 Bc6 20. Ne3 d5 21. Nxc4 dxc4 22. Nd4 Ba8 23. e5 Bxg2 24. Kxg2 Qb7+ 25. Rf3 Rc5 26. b4 cxb3 27. Ba3 Rxc3 28. Bxf8 Kxf8 29. Kg3 Rxf3+ 30. Nxf3 Bc7 31. Qe3 Qd5 32. Ra3 b2 33. Rb3 Bxa5 34. Rxb2 Bc7 35. Rd2 Qc6 36. Qa3+ Kg8 37. Qe7 h5 38. Rd7 h4+ 39. Kf4 Qc4+ 40. Rd4 Qc6 41. Nd2 Ba5 42. Nb3 Bb6 43. Qd7 Qxd7 44. Rxd7 Nc7 45. Rd8+ Kh7 46. Rf8 Nd5+ 47. Ke4 a5 48. Rxf7+ Kh8 49. Rf8+ Kh7 50. Rb8 a4 51. f7 Bc7 52. f8=Q Bxb8 53. Qh6+ 1-0

[Event "Varennes int."]
[Site "Varennes CAN"]
[Date "2017.10.08"]
[Round "5.14"]
[White "Dukic, Zachary"]
[Black "Bannon, Eric"]
[Result "1/2-1/2"]
[WhiteElo "2020"]
[BlackElo "2154"]
[WhiteFideId "-1"]
[WhiteFideId "-1"]
[PlyCount "63"]
[GameId "2160767908330194"]
[EventDate "2017.10.06"]
[EventType "swiss"]
[EventRounds "5"]
[EventCountry "CAN"]
[SourceTitle "hb 2017"]

1. e4 e5 2. Nf3 Nc6 3. Bb5 f5 4. d4 fxe4 5. Bxc6 dxc6 6. Nxe5 Nf6 7. Bg5 Bd6 8. Nd2 Bf5 9. Qe2 Qe7 10. Bxf6 Qxf6 11. Nxe4 Bxe4 12. Qxe4 O-O 13. O-O Rae8 14. f4 Qe6 15. c4 Qxc4 16. Qxh7+ Kxh7 17. Nxc4 Re4 18. g3 Rxd4 19. Nxd6 cxd6 20. Rfd1 Rxd1+ 21. Rxd1 Re8 22. Rxd6 Re2 23. b3 Rxa2 24. Rd7 b6 25. f5 Kg8 26. g4 Kf8 27. Rc7 c5 28. g5 Re2 29. g6 Re7 30. Rc8+ Re8 31. Rc7 Re7 32. Rc8+ 1/2-1/2

[Event "Varennes int."]
[Site "Varennes CAN"]
[Date "2017.10.08"]
[Round "5.16"]
[White "Tanaka, Tyler"]
[Black "Libersan, Thierry"]
[Result "0-1"]
[WhiteElo "1990"]
[BlackElo "2086"]
[WhiteFideId "-1"]
[WhiteFideId "-1"]
[PlyCount "102"]
[GameId "2160767908330196"]
[EventDate "2017.10.06"]
[EventType "swiss"]
[EventRounds "5"]
[EventCountry "CAN"]
[SourceTitle "hb 2017"]

1. e4 c5 2. Nf3 e6 3. d4 cxd4 4. Nxd4 Nf6 5. Nc3 d6 6. Bg5 a6 7. f4 Nbd7 8. Be2 b5 9. a3 Bb7 10. Bf3 Qb6 11. Qd3 Be7 12. Nb3 O-O 13. O-O-O Rfc8 14. Bxf6 Nxf6 15. e5 Bxf3 16. Qxf3 Ne8 17. exd6 Nxd6 18. Rhe1 Ra7 19. Ne4 Rac7 20. Re2 Nxe4 21. Qxe4 Bf6 22. Kb1 g6 23. Red2 Rc4 24. Qe2 Rxf4 25. Rd6 Rc6 26. Rxc6 Qxc6 27. g3 Rf5 28. Nd4 Bxd4 29. Rxd4 Rd5 30. Rf4 Qd7 31. b3 Rd2 32. Qe5 Qc8 33. Qb2 Rxh2 34. a4 Qc5 35. Rd4 e5 36. Rd8+ Kg7 37. b4 Rh1+ 38. Ka2 Qc4+ 39. Ka3 Re1 40. Rd3 Re2 41. Rc3 Qd4 42. a5 Re1 43. Ka2 Re4 44. Ka3 Re3 45. Rxe3 Qxe3+ 46. Qb3 Qe1 47. Ka2 Qd2 48. Qb2 Qd5+ 49. Qb3 Qc6 50. Qb2 Kf6 51. Qa3 Qxc2+ 0-1

[Event "Varennes int."]
[Site "Varennes CAN"]
[Date "2017.10.08"]
[Round "5.17"]
[White "Saine, Zachary"]
[Black "Robichaud, Louis"]
[Result "0-1"]
[WhiteElo "1812"]
[BlackElo "2056"]
[WhiteFideId "-1"]
[WhiteFideId "-1"]
[PlyCount "102"]
[GameId "2160767908330197"]
[EventDate "2017.10.06"]
[EventType "swiss"]
[EventRounds "5"]
[EventCountry "CAN"]
[SourceTitle "hb 2017"]

1. e4 e5 2. Nf3 Nc6 3. Bc4 Bc5 4. c3 Nf6 5. d4 exd4 6. cxd4 Bb4+ 7. Bd2 Bxd2+ 8. Nbxd2 d5 9. exd5 Nxd5 10. Qb3 Na5 11. Qa4+ Nc6 12. Qb3 Nce7 13. O-O O-O 14. Rfe1 c6 15. Rac1 Nb6 16. Bf1 Ned5 17. Nc4 Be6 18. Qa3 Qf6 19. Na5 Rab8 20. Nb3 a6 21. Nc5 Nc7 22. Ne4 Qd8 23. h3 h6 24. g3 Nbd5 25. Bg2 Nb5 26. Qc5 b6 27. Qc2 Nb4 28. Qd2 Nxa2 29. Rxc6 a5 30. Nc3 Naxc3 31. bxc3 Bd5 32. Ne5 Bxg2 33. Kxg2 Qd5+ 34. f3 f6 35. Ng6 Rfe8 36. Rxe8+ Rxe8 37. Rc8 Qf7 38. Rxe8+ Qxe8 39. Nf4 Nd6 40. Qa2+ Qf7 41. d5 Qe8 42. Qa3 Nc4 43. Qb3 b5 44. Qb1 a4 45. Ne6 Ne3+ 46. Kg1 Nxd5 47. Qf5 Nxc3 48. Qg4 Qd7 49. h4 a3 50. Kh2 a2 51. Nxg7 Qxg4 0-1

[Event "Varennes int."]
[Site "Varennes CAN"]
[Date "2017.10.08"]
[Round "5.18"]
[White "Zheng, Richard"]
[Black "Couture, Jonathan"]
[Result "1-0"]
[WhiteElo "1895"]
[BlackElo "1947"]
[WhiteFideId "-1"]
[WhiteFideId "-1"]
[PlyCount "127"]
[GameId "2160767908330198"]
[EventDate "2017.10.06"]
[EventType "swiss"]
[EventRounds "5"]
[EventCountry "CAN"]
[SourceTitle "hb 2017"]

1. e4 g6 2. f4 d5 3. exd5 Nf6 4. d4 Bg4 5. Be2 Bxe2 6. Qxe2 Qxd5 7. Nf3 e6 8. O-O Qe4 9. Qxe4 Nxe4 10. Re1 Nf6 11. b3 Nbd7 12. Bb2 c6 13. c4 Bb4 14. Nc3 O-O 15. a3 Bxc3 16. Bxc3 Rfe8 17. Bb2 Rad8 18. Rad1 Nh5 19. g3 f6 20. Nd2 Kf7 21. Ne4 Nf8 22. Re2 e5 23. fxe5 Rxe5 24. Rf1 Rf5 25. Rfe1 Ne6 26. g4 Nhf4 27. gxf5 Nxe2+ 28. Rxe2 gxf5 29. Ng3 Nxd4 30. Bxd4 Rxd4 31. Nxf5 Rd7 32. Kf2 c5 33. h3 a6 34. Ng3 b6 35. Ne4 f5 36. Nc3 Rd3 37. Re3 Rd2+ 38. Kf3 Rb2 39. Na4 Ra2 40. Nxb6 Rxa3 41. Na4 Kf6 42. Kf4 Ra1 43. Nxc5 Rf1+ 44. Rf3 Ra1 45. Nb7 Re1 46. Rc3 Rf1+ 47. Kg3 Ke5 48. c5 Rg1+ 49. Kf3 f4 50. Kf2 Rg7 51. c6 Rc7 52. Nc5 Rxc6 53. Nd3+ Kd6 54. Rxc6+ Kxc6 55. Nb4+ Kb5 56. Nxa6 Kxa6 57. Kf3 Kb5 58. Kxf4 Kb4 59. Kg5 Kxb3 60. Kh6 Kc4 61. Kxh7 Kd5 62. Kg6 Ke6 63. h4 Ke7 64. Kg7 1-0